Sanat - "Ystävän laulu" - Vesa-Matti Loiri - Statistics

Yleistilastot
  • Tätä visaa on pelattu 20 kertaa
  • Keskiarvotulos 82 / 106
Vastaustilastot
Vastaus % Oikein
anna
100%
hän
100%
meren
100%
Mistä
100%
oikea
100%
on
100%
onko
100%
100%
se
100%
sulle
100%
tunnet
100%
ystävän
100%
ja
92%
jää
92%
kuka
92%
selvittää
92%
vie
92%
viereesi
92%
lie
85%
myrsky
85%
soi
85%
vaikeaa
85%
vaikeroi
85%
jos
77%
kun
77%
Kun
77%
mikä
77%
kaikki
69%
lähimpään
69%
pois
69%
tunturin
69%
vain
69%
auttajaa
62%
kumppanis
62%
menojaan
62%
muu
62%
ois
62%
pitkospuut
62%
rantaan
62%
silloin
62%
sinulla
62%
sun
62%
tarvitset
62%
jääköön
54%
kaukana
54%
menee
54%
päättyvät
54%
punnitaan
54%
rinnallas
54%
saa
54%
siitä
54%
vene
54%
ajat
46%
muut
46%
ruikuttaa
46%
ystävyys
46%
mennä
38%
vielä
38%
vierelläs
38%
hävinneet
31%
ankeimmat
23%
luotas
23%
pian
23%
takaisin
23%
turhat
23%
tuttavat
23%
Ehtoja vastaavia visoja ei löytynyt
Tulosjakauma
Jokaisen tuloksen saaneiden osuus
Persentiili vastausten määrän mukaan
Tuloshistoriasi
Et ole pelannut tätä visaa